[Event "Gjovik"]
[Site "Gjovik"]
[Date "1983.??.??"]
[Round "?"]
[White "Helmers, Knut J"]
[Black "Ogaard, Leif"]
[Result "1/2-1/2"]
[WhiteElo "2465"]
[BlackElo "2485"]

1.Nf3 Nf6 2.c4 e6 3.g3 b6 4.Bg2 Bb7 5.O-O Be7 6.d4 O-O 7.d5 exd5 8.Nh4 c6
9.cxd5 cxd5 10.Nc3 Na6 11.Nf5 Nc7 12.Bf4 Bc5 13.Rc1 Bc6 14.Na4 d6 15.b4 Qd7
16.Nxc5 dxc5 17.bxc5 Qxf5 18.Bxc7  1/2-1/2

[Event "Gjovik"]
[Site "Gjovik"]
[Date "1983.??.??"]
[Round "?"]
[White "Helmers, Knut J"]
[Black "Browne, Walter S"]
[Result "1/2-1/2"]
[WhiteElo "2465"]
[BlackElo "2560"]

1.Nf3 c5 2.c4 Nf6 3.g3 b6 4.Bg2 Bb7 5.O-O e6 6.b3 Be7 7.Bb2 O-O 8.Nc3 d5
9.cxd5 Nxd5 10.Nxd5 Bxd5 11.Rc1 Nd7 12.d4 Rc8 13.Qd3 cxd4 14.Qxd4 Bf6 15.Rxc8 Qxc8
16.Qd2 h6 17.Rc1 Qb7 18.Bxf6 Nxf6 19.Ne1 Bxg2 20.Nxg2 Rc8 21.f3 Rxc1+ 22.Qxc1 Qd7
23.Ne3 Qd4 24.Kg2 g5 25.a3 b5 26.b4 a6 27.Nf1 Nd5 28.Qd2 Qe5 29.Kf2 Kg7 30.Ne3 Nxe3
31.Qxe3 Qb2  1/2-1/2

[Event "Gjovik"]
[Site "Gjovik"]
[Date "1983.??.??"]
[Round "?"]
[White "Helmers, Knut J"]
[Black "Karlsson, Lars"]
[Result "1/2-1/2"]
[WhiteElo "2465"]
[BlackElo "2505"]

1.d4 Nf6 2.Nf3 e6 3.g3 b5 4.Bg2 Bb7 5.Bg5 c5 6.c3 Qb6 7.O-O Be7 8.a4 bxa4
9.Nbd2 cxd4 10.Nc4 Qc7 11.Qxd4 d5 12.Nce5 O-O 13.Qxa4 h6 14.Bf4 Bd6 15.Nd3 Nbd7
16.Bxd6  1/2-1/2

[Event "Gjovik"]
[Site "Gjovik"]
[Date "1983.??.??"]
[Round "?"]
[White "Ftacnik, Lubomir"]
[Black "Karlsson, Lars"]
[Result "1-0"]
[WhiteElo "2535"]
[BlackElo "2505"]

1.d4 Nf6 2.Nf3 g6 3.c4 Bg7 4.Nc3 O-O 5.e4 d6 6.Be2 a6 7.O-O c6 8.Re1 Nfd7
9.Be3 b5 10.Qd2 bxc4 11.Bxc4 Nb6 12.Bb3 a5 13.Na4 Bg4 14.Ng5 Nxa4 15.Bxa4 Bd7
16.e5 dxe5 17.dxe5 Bxe5 18.Rad1 Qc7 19.Nf3 Bg4 20.Nxe5 Bxd1 21.Bxd1 Qxe5
22.Bh6 Qd6 23.Qc3 Qf6 24.Rxe7 Qxc3 25.bxc3 Na6 26.Bb3 Nc5 27.Bc4 Rfd8 28.Bxf7+ Kh8
29.g3 Rd7 30.Be3 h5 31.Bxc5 Rxe7 32.Bxe7 Kg7 33.Bc4 Re8 34.Bc5 Re1+  1-0

[Event "Gjovik"]
[Site "Gjovik"]
[Date "1983.??.??"]
[Round "?"]
[White "Ftacnik, Lubomir"]
[Black "Spassky, Boris V"]
[Result "1/2-1/2"]
[WhiteElo "2535"]
[BlackElo "2605"]

1.Nf3 d5 2.d4 Nf6 3.c4 e6 4.Bg5 Be7 5.Nc3 h6 6.Bh4 O-O 7.Rc1 Ne4 8.Bxe7 Qxe7
9.e3 Nxc3 10.Rxc3 c6 11.Be2 dxc4 12.Bxc4 Nd7 13.O-O b6 14.Bd3 c5 15.Bb5 Rd8
16.Bc6 Ba6 17.Bxa8 Bxf1 18.Qxf1 Rxa8 19.Qa6 e5 20.Qb7 Re8 21.dxc5 Nxc5 22.Qxe7 Rxe7
23.b4 Ne4 24.Rc8+ Kh7 25.g4 Nf6 26.h3 g6 27.Kf1 Kg7 28.Ke2 Ne4 29.Rc4  1/2-1/2

[Event "Gjovik"]
[Site "Gjovik"]
[Date "1983.??.??"]
[Round "?"]
[White "Ftacnik, Lubomir"]
[Black "Helmers, Knut J"]
[Result "1/2-1/2"]
[WhiteElo "2535"]
[BlackElo "2465"]

1.Nf3 c5 2.e4 e6 3.d4 cxd4 4.Nxd4 Nf6 5.Nc3 Bb4 6.e5 Nd5 7.Qg4 O-O 8.Bd2 Nxc3
9.bxc3 Be7 10.Bh6 g6 11.Bxf8 Bxf8 12.Bd3 d6 13.Qg3 Qa5 14.O-O dxe5 15.Nf3 Nd7
16.Rad1 Qxc3 17.Ng5 Qc7 18.Qh4 Nf6 19.f4 e4 20.Nxe4 Nxe4 21.Bxe4 Bd7 22.Rf3 Bc6
23.Bxc6 Qxc6 24.Rfd3 Qxc2 25.Rd7 Qxa2 26.Qf6 Bc5+ 27.Kh1 Rf8 28.h4 h5 29.Rxb7 Qc2
30.Rd8  1/2-1/2

[Event "Gjovik"]
[Site "Gjovik"]
[Date "1983.??.??"]
[Round "?"]
[White "Browne, Walter S"]
[Black "Agdestein, Simen"]
[Result "1-0"]
[WhiteElo "2560"]
[BlackElo "2400"]

1.d4 Nf6 2.c4 e6 3.Nf3 Bb4+ 4.Nbd2 O-O 5.a3 Bxd2+ 6.Qxd2 Qe7 7.e3 d6 8.b4 e5
9.dxe5 dxe5 10.Bb2 Nbd7 11.Qc3 Re8 12.c5 e4 13.Nd2 Ne5 14.Nc4 Ng6 15.Be2 Be6
16.Rd1 Rad8 17.O-O Rd5 18.Rxd5 Bxd5 19.Rd1 Qe6 20.b5 Qf5 21.b6 Bxc4 22.Qxc4 Ng4
23.Bxg4 Qxg4 24.Qa4 c6 25.h3 Qh5 26.bxa7 Nf8 27.Rb1 Ra8 28.Bd4 Qf5 29.Rxb7 Qc8
30.Qb3 Nd7 31.a4  1-0

[Event "Gjovik"]
[Site "Gjovik"]
[Date "1983.??.??"]
[Round "?"]
[White "Agdestein, Simen"]
[Black "Ogaard, Leif"]
[Result "1-0"]
[WhiteElo "2400"]
[BlackElo "2485"]

1.d4 Nf6 2.c4 e6 3.Nf3 b6 4.Nc3 Bb7 5.e3 Bb4 6.Qc2 Ne4 7.Bd3 f5 8.O-O Bxc3
9.bxc3 O-O 10.Nd2 Qh4 11.f4 Nxd2 12.Bxd2 Nc6 13.e4 fxe4 14.Bxe4 Na5 15.Bd3 Rf6
16.f5 Qg4 17.Be3 Raf8 18.Rf4 Qh5 19.Raf1 exf5 20.d5 c5 21.R1f3 Kh8 22.Qf2 Qe8
23.Bd2 g6 24.h4 h5 25.Rg3 R8f7 26.Rff3 Re7 27.Bg5 Re1+ 28.Kh2 Rf7 29.Bd2 Re4
30.Bxe4 Qxe4 31.Rf4 Qe5 32.Rxg6 Nxc4 33.Qg3  1-0

[Event "Gjovik"]
[Site "Gjovik"]
[Date "1983.??.??"]
[Round "?"]
[White "Ogaard, Leif"]
[Black "Karlsson, Lars"]
[Result "0-1"]
[WhiteElo "2485"]
[BlackElo "2505"]

1.d4 Nf6 2.c4 e6 3.Nc3 c5 4.Nf3 a6 5.e4 cxd4 6.Nxd4 Qc7 7.Be3 Bb4 8.Bd3 b6
9.O-O Bb7 10.f3 O-O 11.Rc1 Be7 12.Qe1 Re8 13.Kh1 d6 14.f4 Nbd7 15.Bb1 Rac8
16.b3 Qb8 17.Qe2 Bf8 18.Bd2 g6 19.Nf3 Rc5 20.Rce1 Rh5 21.Kg1 b5 22.cxb5 axb5
23.b4 Rc8 24.Bd3 d5 25.e5 Bxb4 26.Nxb5 Bc5+ 27.Be3 d4 28.Nbxd4 Ng4 29.Rb1 Nxe3
30.Qxe3 Qa8 31.Be2 Nb6 32.Kh1 Nd5 33.Qd2 Rd8 34.Rfd1 Ne7 35.Qb2 Be4 36.Nc2 Nf5
37.Rxd8+ Qxd8 38.h3 Ng3+ 39.Kh2 Nxe2 40.Re1 Bxf3  0-1

[Event "Gjovik"]
[Site "Gjovik"]
[Date "1983.??.??"]
[Round "?"]
[White "Ogaard, Leif"]
[Black "Ftacnik, Lubomir"]
[Result "0-1"]
[WhiteElo "2485"]
[BlackElo "2535"]

1.d4 Nf6 2.c4 g6 3.Nc3 d5 4.Nf3 Bg7 5.cxd5 Nxd5 6.e4 Nxc3 7.bxc3 c5 8.Rb1 O-O
9.Be2 Nc6 10.d5 Ne5 11.Nxe5 Bxe5 12.Rb3 e6 13.f4 Bg7 14.c4 Re8 15.Qc2 Bd4
16.Be3 exd5 17.cxd5 Bf5 18.Bxd4 Bxe4 19.Qxc5 Rc8 20.Qa3 Qxd5 21.Be3 Rc2 22.Rc3 Rxa2
23.Qc1 Qa5 24.Kf2 Qh5 25.Rc2 Rxc2 26.Qxc2 Qh4+ 27.g3 Qe7  0-1

[Event "Gjovik"]
[Site "Gjovik"]
[Date "1983.??.??"]
[Round "?"]
[White "Agdestein, Simen"]
[Black "Ftacnik, Lubomir"]
[Result "1/2-1/2"]
[WhiteElo "2400"]
[BlackElo "2535"]

1.d4 Nf6 2.c4 g6 3.Nc3 d5 4.Nf3 Bg7 5.cxd5 Nxd5 6.e4 Nxc3 7.bxc3 c5 8.Be3 Nc6
9.Qd2 Qa5 10.Rb1 a6 11.Rc1 cxd4 12.cxd4 Qxd2+ 13.Kxd2 f5 14.Bd3 O-O 15.d5 Nb4
16.Bc4 fxe4 17.d6+ e6 18.Ng5 Nd5 19.Nxe4 b6 20.Ke2 Bd7 21.Rhd1 Bb5 22.Ng5 Rfd8
23.Nxe6 Rxd6 24.Nc7 Bxc4+ 25.Rxc4 Nxe3 26.fxe3 Rxd1 27.Kxd1 Rc8 28.Rc2 Be5
29.Nxa6 Rxc2 30.Kxc2 Bxh2 31.Nb4 Bd6 32.Nd5 Bc5 33.Kd3 Kf7 34.a4 h5  1/2-1/2

[Event "Gjovik"]
[Site "Gjovik"]
[Date "1983.??.??"]
[Round "?"]
[White "Adorjan, Andras"]
[Black "Agdestein, Simen"]
[Result "1-0"]
[WhiteElo "2535"]
[BlackElo "2400"]

1.c4 c5 2.Nf3 Nc6 3.d4 cxd4 4.Nxd4 e6 5.Nc3 Bb4 6.Nb5 Nf6 7.Bf4 O-O 8.Bc7 Qe7
9.Bd6 Bxd6 10.Qxd6 Qxd6 11.Nxd6 Rd8 12.g3 Kf8 13.Bg2 Ne8 14.Ncb5 Nxd6 15.Nxd6 Ke7
16.O-O-O Rb8 17.f4 b6 18.Nxf7 Kxf7 19.Bxc6 Ba6 20.Rxd7+ Rxd7 21.Bxd7 Bxc4
22.b3 Rb7 23.bxc4 Rxd7 24.Kc2 e5 25.Rf1 Ke6 26.fxe5 Kxe5 27.Kc3 Ke4 28.Rf8 Re7
29.Rf3 h5 30.h4 g5 31.hxg5 Rg7 32.Rf4+ Ke5 33.Rd4 Kf5 34.Kb4 Re7 35.e4+ Kxg5
36.c5 bxc5+ 37.Kxc5 Kf6 38.Kd5 Re5+ 39.Kd6 Re6+ 40.Kd7 Re7+ 41.Kd6 Re6+ 42.Kd5 Re8
43.Rd3 Re5+ 44.Kd4 Ra5 45.a3 Ke6 46.Ke3 Rg5 47.Kf4 Rg4+ 48.Kf3 Rg7 49.Rd5 Rh7
50.Ra5 h4 51.gxh4 Rxh4 52.Rxa7 Rh1 53.a4 Rf1+ 54.Ke2 Ra1 55.Kd3 Rd1+ 56.Kc3 Rc1+
57.Kd2 Ra1 58.Ra8 Ra3 59.a5 Kd6 60.a6 Kc7 61.e5 Ra2+ 62.Kd3 Ra3+ 63.Kd4 Ra4+
64.Kd5 Ra5+ 65.Ke6 Ra1 66.Ke7 Rh1 67.e6 Kb6 68.Rf8  1-0

[Event "Gjovik"]
[Site "Gjovik"]
[Date "1983.??.??"]
[Round "?"]
[White "Agdestein, Simen"]
[Black "Karlsson, Lars"]
[Result "1-0"]
[WhiteElo "2400"]
[BlackElo "2505"]

1.d4 Nf6 2.c4 c5 3.d5 a6 4.a4 e6 5.Nc3 exd5 6.cxd5 d6 7.Nf3 g6 8.Bg5 h6 9.Bh4 Bg7
10.Nd2 g5 11.Bg3 Nh5 12.Nc4 Nxg3 13.hxg3 O-O 14.Ne4 Bf5 15.Nexd6 Bg6 16.Nxb7 Qe7
17.Nba5 Rd8 18.e3 Be4 19.d6 Qe6 20.Be2 Bxg2 21.Bf3 Bxh1 22.Bxh1 Ra7 23.Bd5 Qf6
24.Nb7 Rc8 25.Qg4 Rf8 26.Nxc5 Qd8 27.Rc1 Nd7 28.Nxd7 Rxd7 29.Rd1 Ra7 30.Kf1 Qb8
31.Na5 Qxb2 32.Nc6 Rb7 33.Ne7+ Kh8 34.Qf5 Rb4 35.Bxf7 Bf6 36.Qg6 Bg7 37.Qf5 Bf6
38.Ng6+ Kg7 39.Nxf8 Kxf7 40.d7 Rb8 41.d8=Q Rxd8  1-0